000 00489nam a2200181Ia 4500
001 13209
005 20260306163037.0
008 260306t2006||||xx |||||||||||||| ||spa||
041 _aESP
082 _a001.42
_bC12
100 _aCaballero Romero, Alejandro E. [1945...]
_eAUT
245 0 _aGuías metodológicas para los planes y tesis de maestría y doctorado
260 _c2006
300 _a670 páginas :
_c24 cm.
650 _aGEN
654 _aCHU
942 _cLIB
_dJUS
_fJUS
_2ddc
_n
999 _c13209
_d13209